Stay orders and temporary injuctions

محفوظ في:
التفاصيل البيبلوغرافية
المؤلف الرئيسي: Chari, S.A
التنسيق: كتاب
منشور في: Hhderabad : Asia Law House, c2009
الطبعة:5th ed.
الموضوعات:
الوسوم: إضافة وسم
لا توجد وسوم, كن أول من يضع وسما على هذه التسجيلة!

MARC

LEADER 00000nam a2200000 4500
005 20260330121407.0
020 |a 9789380087610  |c TZs.24,568.24/= 
040 |a MCCL  |b eng.  |e AACR 2nd rev. ed. 
082 |a 347.077 CHA 
100 |a Chari, S.A 
245 |a Stay orders and temporary injuctions  |c / S.A. Chari 
250 |a 5th ed. 
260 |a Hhderabad :  |b Asia Law House,  |c c2009 
300 |a lxiv,540 p.:  |c 24 cm.  |b ill..; 
504 |a Includes index 
546 |a eng. 
650 |a Temporary injuctions 
650 |a Intellectual property rghts 
650 |a Debt law 
942 |c BK 
999 |c 12562  |d 12562